| 000 | 00590cam a22002052 4500 | ||
|---|---|---|---|
| 001 | 0000001914 | ||
| 005 | 20151217145726.0 | ||
| 008 | 070329s xx 000 0 eng d | ||
| 040 |
_aKABU _cKABU |
||
| 050 | 0 |
_aHD69 _b.P75F54 |
|
| 100 | 1 |
_aField, Mike. _@0000151007 |
|
| 245 | 1 | 0 |
_aProject management / _cMike Field and Laurie Keller. |
| 260 |
_aLondon : _bOpen University, _c1998. |
||
| 300 | _a441 p. | ||
| 650 | 0 |
_aProject management. _@0000148291 |
|
| 700 | 1 |
_aKeller, Laurie. _@0000015199 |
|
| 908 | _a070329 | ||
| 950 | _@1 | ||
| 999 |
_c1952 _d1952 |
||